コンテンツを見る
VuFind
言語
English
Deutsch
Español
Français
Italiano
日本語
Nederlands
Português
Português (Brasil)
中文(简体)
中文(繁體)
Türkçe
עברית
Gaeilge
Cymraeg
Ελληνικά
Català
Euskara
Русский
Čeština
Suomi
Svenska
polski
Dansk
slovenščina
اللغة العربية
বাংলা
Galego
Tiếng Việt
Hrvatski
हिंदी
全フィールド
タイトル
著者
主題
請求記号
ISBN/ISSN
タグ
検索
詳細検索
フィルターのリセット
関連のトピックス:
Internet programming
フィルターのリセット
フィルター表示 (1)
関連のトピックス:
Internet programming
検索
The mode
この資料を引用
この資料をメール
印刷
エクスポート
エクスポート先: RefWorks
エクスポート先: EndNoteWeb
エクスポート先: EndNote
permanent_link
ロード中...
The mode
書誌詳細
第一著者:
Fox, L. W.
言語:
English
所蔵
その他の書誌記述
類似資料
MARC表示
LEADER
00243nam a22001097a 4500
003
OSt
008
100222t xxu||||| |||| 00| 0 eng d
080
|a
343.812(410)
|b
FOX
100
|a
Fox, L. W.
|9
10873
245
|a
The mode
942
|c
BACT
|6
_
999
|c
125975
|d
125975
類似資料
Modes.
著者:: Romanowska , Anna B.
出版事項: (2002)
Devil's mode /
著者:: Burgess, Anthony
出版事項: (1989)
Modes of fiction/
出版事項: (1970)
The devil's mode /
著者:: Burgess, Anthony
出版事項: (1990)
Modes of specification
著者:: White, M.J.D
出版事項: (1978)
ロード中...